000 00557nam a2200181Ia 4500
008 151018s9999 xx 000 0 und d
082 _bRBASDV16545
_a891.462
100 _aशं गो साठे
245 _aछापील संसार
250 _b2
260 _bएन के पब्लिशिंग हाऊस
_c1949
300 _a96
600 _aशं गो साठे
630 _aछापील संसार
700 _aशं गो साठे
730 _aछापील संसार
942 _cBOOK
999 _c1017252
_d1017249